| 000 | 00482nam a22001697a 4500 | ||
|---|---|---|---|
| 003 | 0 | ||
| 005 | 20260116094445.0 | ||
| 008 | 260116b xxu||||| |||| 00| 0 eng d | ||
| 020 | _a978-0-545-90589-3 | ||
| 082 |
_aER _bQu3 2016 |
||
| 100 | _aHoward, Kate | ||
| 245 |
_aThe Quest for the crystal _cKate Howard |
||
| 260 |
_aNew York, NY : _bScholastic Inc. ; _c2016. |
||
| 300 |
_a32 pages : _bcolored illustrations ; _c23 cm. |
||
| 650 |
_aNinja _xJuvenile fiction. |
||
| 942 |
_2ddc _cBK |
||
| 999 |
_c368704 _d368704 |
||